| 000 | 01194nam a2200301 a 4500 | ||
|---|---|---|---|
| 001 | 513602 | ||
| 003 | GBCCL | ||
| 005 | 20241126110430.0 | ||
| 008 | 850524s1985 ii b 001 0 eng | ||
| 010 | _a 85901118 | ||
| 020 | _cRs165.00 | ||
| 025 | _aI E 49723 | ||
| 040 |
_aDLC _cDLC _dDLC |
||
| 043 | _aa-ii--- | ||
| 050 | 0 | 0 |
_aHN690.A8 _bB37 1985 |
| 082 | 0 | 0 |
_a361.610954162 _219 _bBAR |
| 100 | 1 |
_aBarkataki, Meena Sharma, _d1952- _95107 |
|
| 245 | 1 | 0 |
_aBritish administration in north east India, 1826-1874 : _ba study of their social policy / _cMeena Sharma Barkataki. |
| 260 |
_aDelhi, India : _bMittal Publications : _bDistributed by Mittal Publishersʾ Distributors, _c1985. |
||
| 300 |
_ax, 300 p. : _bmap ; _c22 cm. |
||
| 500 | _aRevision of the authorʾs thesis (Ph. D.--University of Poona, 1983) under the title: British social policy in Assam, 1826-1874 : a study of some of its aspects in the Brahmaputra Valley. | ||
| 500 | _aIncludes index. | ||
| 504 | _aBibliography: p. [287]-295. | ||
| 651 | 0 |
_aAssam (India) _xSocial policy. _95108 |
|
| 651 | 0 |
_aAssam (India) _xPolitics and government. _95109 |
|
| 906 |
_a7 _bcbc _corignew _d2 _encip _f19 _gy-gencatlg |
||
| 942 |
_2ddc _cBK |
||
| 999 |
_c2465 _d2465 |
||